00992cam a2200229 a 450000100100000000500170001000800410002702000150006804000250008308200140010810000300012224501270015226000410027930000200032050000440034050501510038470000440053570000390057904900090061895201180062799900170074500002652720200930030253.0760825s1999 mx a 000 e spa d a9806432118 aDO-SdBNPbspadBNPHU axxxbM7441 aMonje Silva, Edith95361310aEl poder curativo de la mujer /cEdith Monje Silva ; editor José Luis García Froiz ; introducción Jesús Fuenmayor. aCaracas, Venezuela :bUrania,c1999. a93 p. ;c22 cm. aIncluye datos de la autora en la solapa0 aI. La herencia de panacea -- II. El valor del llanto -- III. El poder de la sonrisa -- IV. Saber oír, saber hablar -- V. Explorando lo masculino1 aGarcía Froiz, José Luiseed.9536141 aFuenmayor, Jesúseintrod.953615 aBNGR 001054708MOaGRbGRcCTd2011-03-22iLF1l0oxxx M744p26527-10r2020-06-25w2020-06-25y4ZPréstamo en sala c26019d26019